PYRAMID (Record no. 26307)
[ view plain ]
| 000 -LEADER | |
|---|---|
| fixed length control field | 00248nam a22001217a 4500 |
| 008 - FIXED-LENGTH DATA ELEMENTS--GENERAL INFORMATION | |
| fixed length control field | 170906b xxu||||| |||| 00| 0 eng d |
| 041 ## - LANGUAGE CODE | |
| Language code of text/sound track or separate title | eng |
| 080 ## - UNIVERSAL DECIMAL CLASSIFICATION NUMBER | |
| Universal Decimal Classification number | 72 |
| 100 ## - Rafti | |
| Rafti | 41 |
| 101 ## - Shkurtesa | |
| Shkurtesa | ARK |
| 245 ## - TITLE STATEMENT | |
| Title | PYRAMID |
| Statement of responsibility, etc | MACAULAY.D |
| 942 ## - ADDED ENTRY ELEMENTS (KOHA) | |
| Source of classification or shelving scheme | |
| Item type | Books |
| Withdrawn status | Lost status | Damaged status | Not for loan | Date acquired | Total Checkouts | Date last seen | Price effective from | Koha item type | Source of classification or shelving scheme | Collection code | Permanent location | Current location | Shelving location | Full call number | Barcode |
|---|---|---|---|---|---|---|---|---|---|---|---|---|---|---|---|
| 09/06/2017 | 09/06/2017 | 09/06/2017 | Books | ||||||||||||
| 09/06/2017 | 09/06/2017 | 09/06/2017 | Books | Koleksioni i përgjithshem | UBT - Lipjan | UBT - Lipjan | Koleksioni i përgjithshem | 72 MAC | 002-2921419 |